Statistics for Quiz about me-Desmond2309

Click here to take the quiz!

General Stats

  • This quiz has been taken 9 times
    (6 since last reset)
  • The average score is 2 of 8

Answer Stats

QuestionAnswer% Correct
How many quizzes are in this series: Capital-Country multiple choice3
75%
Where was I born?USA
50%
How many quizzes have I made so far? ( not including this one)32
25%
Where do I live right now?China
25%
What is my favorite animal?Falcon
25%
Which is my favorite color?Red
25%
How many countries have I been to?55
0%
Do I have a pet, if yes, what species?Border Collie, Dog
0%

Score Distribution

Percentile by Number Answered

Percent of People with Each Score

Your Score History

You have not taken this quiz since the last reset